मुंबईचे खरे मालक कोण ? (Record no. 836269)

MARC details
000 -LEADER
fixed length control field 00599nam a2200169Ia 4500
008 - FIXED-LENGTH DATA ELEMENTS--GENERAL INFORMATION
fixed length control field 110201s9999 xx 000 0 und d
082 ## - DEWEY DECIMAL CLASSIFICATION NUMBER
Item number B10872
Classification number S 2136
100 ## - MAIN ENTRY--PERSONAL NAME
Personal name फडके वासंती
245 ## - TITLE STATEMENT
Title मुंबईचे खरे मालक कोण ?
260 ## - PUBLICATION, DISTRIBUTION, ETC. (IMPRINT)
Name of publisher, distributor, etc अक्षर प्रकाशन
365 ## - TRADE PRICE
Price amount 300
600 ## - SUBJECT ADDED ENTRY--PERSONAL NAME
Personal name फडके वासंती
630 ## - SUBJECT ADDED ENTRY--UNIFORM TITLE
Uniform title मुंबईचे खरे मालक कोण ?
700 ## - ADDED ENTRY--PERSONAL NAME
Personal name फडके वासंती
730 ## - ADDED ENTRY--UNIFORM TITLE
Uniform title मुंबईचे खरे मालक कोण ?
942 ## - ADDED ENTRY ELEMENTS (KOHA)
Koha item type Book
Holdings
Withdrawn status Lost status Damaged status Not for loan Home library Current library Date acquired Cost, normal purchase price Total Checkouts Barcode Date last seen Cost, replacement price Price effective from Koha item type
        Prof.Manikrao Kirtane Vachanalaya, Vashi, Navi Mumbai Prof.Manikrao Kirtane Vachanalaya, Vashi, Navi Mumbai 02/01/2011 300.00   PMKV-B10872 02/01/2011 300.00 02/01/2011 Book